000 00366nam a2200157Ia 4500
003 GCL
008 140319s9999 xx 000 0 ara d
040 _aGCL /
_cGCL
082 0 4 _a214
_bح ا
245 1 0 _aالاسلام حضارة
300 _a392 ص
490 _a
650 0 4 _aالاسلام
650 0 4 _aالثقافة الاسلامية
942 _2ddc
_cBK
999 _c45720
_d45720